| 000 | 00631nam a2200205 i 4500 | ||
|---|---|---|---|
| 001 | 19066 | ||
| 003 | ES-MaACL | ||
| 005 | 20231229062522.0 | ||
| 007 | t| | ||
| 008 | 020603s1987 ag ||||1| spa d | ||
| 080 | _a1 Ortega y Gasset, José | ||
| 100 | 1 |
_aMolina, Gilberto. _981889 |
|
| 245 | 1 | 0 |
_aJosé Ortega y Gasset _b: pensamiento y magisterio del filósofo / _cGilberto Molina. |
| 250 | _a1ª ed. | ||
| 260 |
_aCórdoba, Argentina : _bPampa de Olaen, _c1987. |
||
| 300 |
_a54 p. ; _c22 cm. |
||
| 600 | 1 | 4 |
_aOrtega y Gasset, José, _d1883-1955 _987503 |
| 852 |
_aES-MaACL _j2168-F-14 _bR.118940 |
||
| 999 |
_c19066 _d19066 |
||